ბათუმის შოთა რუსთაველის სახელმწიფო უნივერსიტეტის ბიბლიოთეკა

შრიალებენ ვერხვები. (ბიბ.ჩანაწერი № 39912)

000 -LEADER
fixed length control field 00709nam a2200229Ia 4500
001 - CONTROL NUMBER
control field 6517
003 - CONTROL NUMBER IDENTIFIER
control field GE_BSU
008 - FIXED-LENGTH DATA ELEMENTS--GENERAL INFORMATION
fixed length control field 181216s||||||||xx |||||||||||||| ||und||
040 ## - CATALOGING SOURCE
Transcribing agency GE_BSU
080 ## - UNIVERSAL DECIMAL CLASSIFICATION NUMBER
Universal Decimal Classification number 821.353.1
100 ## - MAIN ENTRY--PERSONAL NAME
Personal name გაბესკირია,ვიქტორ.
245 ## - TITLE STATEMENT
Title შრიალებენ ვერხვები.
245 ## - TITLE STATEMENT
Remainder of title პიესები.
245 ## - TITLE STATEMENT
Statement of responsibility, etc. რედ:ბესარიონ,ჟღენტი.
260 ## - PUBLICATION, DISTRIBUTION, ETC.
Place of publication, distribution, etc. თბილისი.
260 ## - PUBLICATION, DISTRIBUTION, ETC.
Name of publisher, distributor, etc. ხელოვნება.
260 ## - PUBLICATION, DISTRIBUTION, ETC.
Date of publication, distribution, etc. 1962.
300 ## - PHYSICAL DESCRIPTION
Extent 78გვ;21სმ.
653 ## - INDEX TERM--UNCONTROLLED
Uncontrolled term პიესები.
653 ## - INDEX TERM--UNCONTROLLED
Uncontrolled term შრიალებენ ვერხვები.
942 ## - ADDED ENTRY ELEMENTS (KOHA)
Koha item type წიგნი
ეგზემპლარები
Withdrawn status Lost status Damaged status Not for loan Date acquired Barcode Date last seen Price effective from Koha item type
        2018-12-17 14339 2018-12-17 2018-12-17 წიგნი